LEADER 01021nam a22002411i 4500 001 991003786639707536 005 20040609080855.0 008 040802s1885 fr |||||||||||||||||fre 035 $ab13128206-39ule_inst 035 $aARCHE-108081$9ExL 040 $aBiblioteca Interfacoltà$bita$cA.t.i. Arché s.c.r.l. Pandora Sicilia s.r.l. 082 04$a928 100 1 $aBonhomme, Honoré$0490181 245 10$aMadame la comtesse de Genlis :$bsa vie, son oeuvre, sa mort (1746-1830) : d'après des documents inédits /$cpar Honoré Bonhomme 260 $aParis :$bLibrairie des bibliophiles,$c1885 300 $a138 p. ;$c17 cm 650 4$aGenlis, Stephanie Felicité Ducrest de Saint-Aubin 907 $a.b13128206$b02-04-14$c05-08-04 912 $a991003786639707536 945 $aLE002 Fondo Giudici L 674$g1$i2002000326720$lle002$nC. 1$o-$pE0.00$q-$rn$so $t0$u0$v0$w0$x0$y.i13764354$z05-08-04 996 $aMadame la comtesse de Genlis$9309156 997 $aUNISALENTO 998 $ale002$b05-08-04$cm$da $e-$ffre$gfr $h0$i1 LEADER 02350nam 2200601 a 450 001 9910626104403321 005 20250317121904.0 010 $a9786613841414 010 $a9781283528962 010 $a1283528967 010 $a9781780641423 010 $a1780641427 035 $a(CKB)2670000000212566 035 $a(EBL)988404 035 $a(OCoLC)804661378 035 $a(SSID)ssj0000696398 035 $a(PQKBManifestationID)12316112 035 $a(PQKBTitleCode)TC0000696398 035 $a(PQKBWorkID)10681398 035 $a(PQKB)10466791 035 $a(MiAaPQ)EBC988404 035 $a(EXLCZ)992670000000212566 100 $a20120112d2012 uy 0 101 0 $aeng 135 $aur|n|---||||| 181 $ctxt 182 $cc 183 $acr 200 10$aPlant evolution and the origin of crop species /$fJames F. Hancock 205 $a3rd ed. 210 $aWallingford [England] ;$aCambridge, Mass. $cCABI$dc2012 215 $a1 online resource (255 p.) 300 $aDescription based upon print version of record. 311 08$a9781845938017 311 08$a1845938011 320 $aIncludes bibliographical references and index. 327 $apt. 1. Evolutionary processes -- pt. 2. Agricultural origins and crop evolution. 330 $aThe genetic variability that developed in plants during their evolution is the basis of their domestication and breeding into the crops grown today for food, fuel and other industrial uses. This third edition of ""Plant Evolution and the Origin of Crop Species"" brings the subject up-to-date, with more emphasis on crop origins. Beginning with a description of the processes of evolution in native and cultivated plants, the book reviews the origins of crop domestication and their subsequent development over time. All major crop species are discussed, including cereals, protein plants, starch cro 606 $aCrops$xEvolution 606 $aCrops$xOrigin 606 $aPlants$xEvolution 615 0$aCrops$xEvolution. 615 0$aCrops$xOrigin. 615 0$aPlants$xEvolution. 676 $a633 700 $aHancock$b James F$0905901 801 0$bMiAaPQ 801 1$bMiAaPQ 801 2$bMiAaPQ 906 $aBOOK 912 $a9910626104403321 996 $aPlant evolution and the origin of crop species$92762350 997 $aUNINA